Boston shoppers stick to bricks and mortar (Record no. 61849)

MARC details
000 -LEADER
fixed length control field 00689cam a2200229 4500
001 - CONTROL NUMBER
control field WB3547-14
008 - FIXED-LENGTH DATA ELEMENTS--GENERAL INFORMATION
fixed length control field 000000n1999 000 0 eng u
035 ## - SYSTEM CONTROL NUMBER
System control number (Sirsi) u102943
245 ## - TITLE STATEMENT
Title Boston shoppers stick to bricks and mortar
260 ## - PUBLICATION, DISTRIBUTION, ETC.
Date of publication, distribution, etc. 1999
490 ## - SERIES STATEMENT
Series statement Financial Times
Volume/sequential designation 29 November 1999, 30(1)
520 ## - SUMMARY, ETC.
Summary, etc. A brief survey of shoppers in Boston, Massachusets, showed that most were sceptical about switching to shopping via the internet.
590 ## - LOCAL NOTE (RLIN)
Local note WB
600 ## - SUBJECT ADDED ENTRY--PERSONAL NAME
Personal name UNITED STATES
650 ## - SUBJECT ADDED ENTRY--TOPICAL TERM
Topical term or geographic name entry element E-COMMERCE
650 ## - SUBJECT ADDED ENTRY--TOPICAL TERM
Topical term or geographic name entry element INTERNET
650 ## - SUBJECT ADDED ENTRY--TOPICAL TERM
Topical term or geographic name entry element ONLINE SHOPPING
650 ## - SUBJECT ADDED ENTRY--TOPICAL TERM
Topical term or geographic name entry element INTERNET SHOPPING
650 ## - SUBJECT ADDED ENTRY--TOPICAL TERM
Topical term or geographic name entry element BOSTON
690 ## - LOCAL SUBJECT ADDED ENTRY--TOPICAL TERM (OCLC, RLIN)
Topical term or geographic name as entry element ECONOMIC AND SOCIAL
942 ## - ADDED ENTRY ELEMENTS (KOHA)
Suppress in OPAC 0
Holdings
Withdrawn status Lost status Source of classification or shelving scheme Damaged status Not for loan Home library Current library Shelving location Date acquired Total Checkouts Full call number Barcode Date last seen Copy number Price effective from Koha item type
    Dewey Decimal Classification     London London News article 01/12/1999   WB3547-14 102943-1001 06/08/2019 1 06/08/2019 News article